00749nam a22002177a 450000500170000001000130001702000100003003500130004003700160005304000120006908200160008124500700009726000390016727000720020630000280027865000280030670000280033494200250036299900190038795201250040620170124110050.0 aB-047154 c45.00 aB-047154 bCen Lib/Ret aDPLbEN a793.73bPRI aPuzzles and teasers or the easy chair /cedited by David Prichard aNew DelhibGaurav Publishing House aE-30, Jawahar Park, Near Vikas Marg. Laxmi NagarbNew Delhie110092 a159p. :c17cm(Hb)bill. aGame - handbook9101957 a Prichard, David925226 2ddccENh793.73mPRI c129051d129051 00104070aLbLd2015-07-04eCen Lib/Retg45.00l0o793.73 PRIpB-047154r2015-07-04 00:00:00t1v45.00w2015-07-04yEN